000
00328nam a2200121 a 4500
001
4144
005
20140414131954.0
008
090317s19uu xx 00 eng d
050
_a
TR 028.1
_b
On2 2005
100
_a
O'Neil, Jennifer Plummer
245
_a
Great activities for learning how to use reference books.
999
_c
112878
_d
112878